Intermediate microeconomics / (Record no. 25916)

000 -LEADER
fixed length control field 00920nam a2200277 a 4500
001 - CONTROL NUMBER
control field 4316171
003 - CONTROL NUMBER IDENTIFIER
control field OSt
005 - DATE AND TIME OF LATEST TRANSACTION
control field 20170201150955.0
008 - FIXED-LENGTH DATA ELEMENTS--GENERAL INFORMATION
fixed length control field 870629s1988 caua b 001 0 eng
010 ## - LIBRARY OF CONGRESS CONTROL NUMBER
LC control number 87081893
020 ## - INTERNATIONAL STANDARD BOOK NUMBER
International Standard Book Number 0155414968
040 ## - CATALOGING SOURCE
Original cataloging agency DLC
Transcribing agency DLC
Modifying agency DLC
050 00 - LIBRARY OF CONGRESS CALL NUMBER
Classification number HB172
Item number .C55 1988
082 00 - DEWEY DECIMAL CLASSIFICATION NUMBER
Classification number 338.5
Edition number 19
100 1# - MAIN ENTRY--PERSONAL NAME
Personal name Clower, Robert W.
245 10 - TITLE STATEMENT
Title Intermediate microeconomics /
Statement of responsibility, etc. Robert W. Clower, Philip E. Graves, Robert L. Sexton.
260 ## - PUBLICATION, DISTRIBUTION, ETC. (IMPRINT)
Place of publication, distribution, etc. San Diego :
Name of publisher, distributor, etc. Harcourt Brace Jovanovich,
Date of publication, distribution, etc. c1988.
300 ## - PHYSICAL DESCRIPTION
Extent xxii, 519 p. :
Other physical details ill. ;
Dimensions 24 cm.
504 ## - BIBLIOGRAPHY, ETC. NOTE
Bibliography, etc Includes bibliographies and index.
650 #0 - SUBJECT ADDED ENTRY--TOPICAL TERM
Topical term or geographic name as entry element Microeconomics.
700 1# - ADDED ENTRY--PERSONAL NAME
Personal name Graves, Philip E.
700 1# - ADDED ENTRY--PERSONAL NAME
Personal name Sexton, Robert L.
906 ## - LOCAL DATA ELEMENT F, LDF (RLIN)
a 7
b cbc
c orignew
d 3
e opcn
f 19
g y-gencatlg
942 ## - ADDED ENTRY ELEMENTS (KOHA)
Source of classification or shelving scheme
Koha item type Hard Covered Materials
Classification part HB 172 .C56 1998
Holdings
Withdrawn status Lost status Source of classification or shelving scheme Damaged status Not for loan Home library Current library Shelving location Date acquired Source of acquisition Total Checkouts Full call number Barcode Date last seen Price effective from Koha item type
          MACHAKOS UNIVERSITY LIBRARY MACHAKOS UNIVERSITY LIBRARY Technical section 01/02/2017 Donation (BFA)   HB 172 .C56 1998 33629 12/07/2018 01/02/2017 Hard Covered Materials
© Machakos University Library, Along The Highway, Machakos Wote Rd, Machakos, Kenya P.O. Box 136 - 90100 Machakos - Kenya

Tel: ( +254 ) 723 805829 OR Fax : 044-20353 OR Email: library@mksu.ac.ke